La planta : la flor /
Guardado en:
| Formato: | Libro |
|---|---|
| Publicado: |
Roma :
Fao,
1978
|
| Series: | Colección Fao. Desarrollo económico y social
|
| Materias: | |
| Etiquetas: |
Agregar Etiqueta
Sin Etiquetas, Sea el primero en etiquetar este registro!
|
| LEADER | 00579nam a22001695a 4500 | ||
|---|---|---|---|
| 001 | CEM.cems010894 | ||
| 008 | 130507s1978##################000#0#####d | ||
| 005 | 20240607094611.0 | ||
| 245 | 0 | 0 | |a La planta : |b la flor / |
| 260 | |a Roma : |b Fao, |c 1978 | ||
| 300 | |a 29 p. | ||
| 490 | 0 | |a Colección Fao. Desarrollo económico y social | |
| 505 | 0 | |a Por qué estudiamos la flor, el fruto y la semilla -- La flor -- El fruto y la semilla -- Semillas y siembra | |
| 020 | |a 9253001429 | ||
| 082 | 0 | 4 | |a 581.4 |
| 653 | |a Planta-partes | ||
| 859 | |a CEMS |b BIB. CEMS - Agricultura |h 581.4 |i P695 |p A9260.81 |t Ej.1 |v 3 |3 3 | ||
